000 00429cam a22001457a 4500
008 180718b1957 xxu||||| |||| 00| 0 eng d
082 _aB7x42 J139/57
100 _aJackson, W. Eric
245 _aStructure of local government in England and Wales
_cby W. Eric Jackson
250 _a3rd ed.
260 _aLondon
_bLongmans
_c1957
300 _a261p.
650 _aLocal government --Wales.
650 _aLocal government --England
999 _c371516
_d371516